000 00297nam a22001337a 4500
008 170207b xxu||||| |||| 00| 0 eng d
020 _a0915473755
041 _aeng
080 _a61
100 _a4
101 _aSHM
245 _aPATIENT MAENAGEMENT THE OFFICE
_cROBERT BARBERI
942 _2udc
_cBK
999 _c4835
_d4835